000 00493nam a22001577a 4500
008 161216b xxu||||| |||| 00| 0 eng d
020 _a0787656607
082 _22002
_aDRef 381.1
_bG13
245 _aGale encyclopedia of e-commerce/
_cedited by Jane A. Malonis.
260 _aDetroit:
_bGale Group,
_cc2002.
300 _a2 volumes;
_c29 cm.
500 _aIncludes index.
650 0 _918344
_aElectronic commerce
_vEncyclopedia
700 _918345
_aMalonis, Jane A.
_eEditor
942 _2ddc
_cDREF
999 _c6051
_d6051